000 00960nas a2200277Ia 4500
001 R703/49344
003 IT-RoPAU
008 151124c99999999xx |||||||||||| ||und||
040 _aIT-RoPAU
040 _cIT-RoPAU
041 _aINGLESE
100 _aAA.VV.
_gCodice Aut. SPICS: 12000
210 _aSEMIOTICA
222 _aSemiotica
245 _aSEMIOTICA, VOL.53-N.4 (1985)
_bSemiotica, Vol.53-N.4 (1985)
250 _a1a ed.
260 _aAMSTERDAM
_bMOUTON
_c1985
501 _bPaulus - SPICS - Società San Paolo EM (non-commercial uses only)
_cCopyright2015
300 _a90 p.
362 _aVOL.53, N.04 (1985)
500 _aRivista dell'Associazione Internazionale per Studi Semiotici. Numero Speciale Su: Semiotica Delle Concezioni Mitologiche Sui Funghi. Prefazione di Wendy O'Flaherty.
650 _aSEMIOTICA
_vPUBBLICAZIONE PERIODICA
700 _aToporov Vladimir Nikolaevic
700 _gCodice Aut. SPICS: 676
942 _cCR
999 _c186196
_d186196